Estadísticas para Comunas de la Región de Los Ríos

Haz click aquí para intentar la prueba.

Estadísticas generales

  • Esta prueba ha sido intentada 3 veces
  • La puntuación promedio es 5 de 12

Estadísticas de respuestas

Comunas% Correcto
ValdiviaValdivia
100%
ValdiviaLanco
67%
ValdiviaMáfil
67%
ValdiviaMariquina
67%
ValdiviaCorral
33%
RancoFutrono
33%
RancoLago Ranco
33%
RancoLa Unión
33%
ValdiviaPaillaco
33%
ValdiviaPanguipulli
33%
RancoRío Bueno
33%
ValdiviaLos Lagos
0%

Distribución de puntuación

Porcentaje por número respondido

Porcentaje de gente con cada puntuación

Historial de tus puntuaciones

No has intentado esta prueba.